[Event "2nd Cambridge Int Open"]
[Site "Cambridge ENG"]
[Date "2024.02.19"]
[Round "1.55"]
[White "Prince, Alan R"]
[Black "Wheatley, Wilfred"]
[Result "1-0"]
[WhiteElo "1641"]
[BlackElo "1864"]
[WhiteFideId "2402165"]
[BlackFideId "343414877"]
[EventDate "2024.02.19"]

1. Nf3 Nf6 2. g3 d5 3. Bg2 e6 4. d3 Be7 5. Nbd2 c5 6. O-O O-O 7. e4 Nc6 8. e5
Nd7 9. Re1 b5 10. h4 a5 11. Nf1 Re8 12. Bf4 a4 13. a3 b4 14. Ne3 bxa3 15. bxa3
f6 16. Ng4 f5 17. Ngh2 Bf8 18. h5 h6 19. Nh4 Qc7 20. N2f3 Nb6 21. Ng6 d4 22.
Nfh4 Bb7 23. Qd2 Na5 24. Nxf8 Kxf8 25. Rab1 Bxg2 26. Kxg2 Nd5 27. Kh2 Qf7 28.
Ng6+ Kg8 29. Rb5 Qa7 30. Bxh6 Nc3 31. Rxa5 Qxa5 32. Bxg7 Ne4 33. Qxa5 Rxa5 34.
Bf6 Nxf6 35. exf6 Kf7 36. Rb1 Kxf6 37. Rb7 e5 38. Rb6+ Kg7 39. Kh3 Ra7 40. Kh4
e4 41. Kg5 e3 42. h6+ Kh7 43. fxe3 dxe3 44. Rb1 e2 45. Re1 Ra6 46. Nf4 Rxh6 47.
Rxe2 Rg8+ 48. Kxf5 Rxg3 49. Re7+ Kg8 50. Rc7 Rf3 51. Ke4 Rf1 52. Rxc5 Rh4 53.
Rf5 Ra1 54. Rg5+ Kf7 55. Rf5+ Ke8 56. Kd5 Rxa3 57. Kc4 Kd7 58. Kb4 Ra1 59. c4
Rh8 60. Rd5+ Kc6 61. Rc5+ Kd7 62. Rd5+ Ke8 63. Ra5 Kf7 64. Rf5+ Kg7 65. Rb5 Ra8
66. Rb7+ Kf6 67. Nd5+ Kg5 68. Nc3 a3 69. Rb5+ Kg4 70. Ra5 Rxa5 71. Kxa5 Rb1 72.
Ka4 Rc1 73. Kb3 Kf5 74. Na2 Ke5 75. Nxc1 1-0

[Event "2nd Cambridge Int Open"]
[Site "Cambridge ENG"]
[Date "2024.02.19"]
[Round "1.56"]
[White "McMahon, Paul"]
[Black "Chiang, Richard"]
[Result "1-0"]
[WhiteElo "1862"]
[BlackElo "1609"]
[WhiteFideId "408212"]
[BlackFideId "446742"]
[EventDate "2024.02.19"]

1. e4 c6 2. Nf3 d5 3. exd5 cxd5 4. Ne5 Nc6 5. Bb5 Bd7 6. Bxc6 bxc6 7. d4 Nf6 8.
O-O g6 9. Nd2 Bg7 10. f4 O-O 11. c3 Qb6 12. Re1 Rfe8 13. a4 c5 14. Ndf3 cxd4 15.
Nxd4 Bf5 16. Qe2 Be4 17. Be3 Qc7 18. c4 e6 19. Rec1 dxc4 20. Rxc4 Qb7 21. Nb5
Bd5 22. Rc7 Qa6 23. Rxf7 Rf8 24. Rxa7 Rxa7 25. Bxa7 Rc8 26. Bd4 Bb3 27. Nc3 Qd6
28. Be3 Nd5 29. Bd2 Bh6 30. g3 Bf8 31. Qb5 Rb8 32. Qc6 Qe7 33. Nd7 Rd8 34. Nxf8
Kxf8 35. Qb5 Qa7+ 36. Kg2 Rb8 37. Qe2 Nxc3 38. Bxc3 Bd5+ 39. Kh3 Qd7 40. Qe5 Rb7
41. Qh8+ Ke7 42. Qxh7+ Kd6 43. Qxd7+ Rxd7 44. Kg4 Kc6 45. b4 Be4 46. Rc1 Rh7 47.
Bf6+ Kb7 48. h4 Rd7 49. Rc3 Bf5+ 50. Kf3 Bh3 51. g4 Rd2 52. h5 gxh5 53. gxh5 Bf5
54. h6 Ra2 55. a5 Ka6 56. Rc5 Ra3+ 57. Bc3 Rb3 58. Ke3 Rb1 59. Rxf5 exf5 60. h7
Rh1 61. h8=Q 1-0

[Event "2nd Cambridge Int Open"]
[Site "Cambridge ENG"]
[Date "2024.02.19"]
[Round "2.1"]
[White "Tiviakov, Sergei"]
[Black "Pert, Richard G"]
[Result "1-0"]
[WhiteTitle "GM"]
[BlackTitle "IM"]
[WhiteElo "2534"]
[BlackElo "2413"]
[WhiteFideId "1008013"]
[BlackFideId "404748"]
[EventDate "2024.02.19"]

1. e4 c6 2. d4 d5 3. Nd2 dxe4 4. Nxe4 Nf6 5. Nxf6+ exf6 6. Bc4 Bd6 7. Qe2+ Be7
8. Nf3 O-O 9. h3 Bd6 10. O-O Na6 11. Re1 Nc7 12. Bd2 Bf5 13. Bd3 Qd7 14. c4 Rfe8
15. Qf1 Rad8 16. b4 Bg6 17. Rxe8+ Qxe8 18. Bxg6 hxg6 19. a4 g5 20. b5 Ne6 21.
Rb1 Qd7 22. Be3 Bb8 23. Rd1 Nc7 24. Qd3 g4 25. hxg4 Qxg4 26. Qb3 Qe4 27. bxc6
bxc6 28. Qb7 Qc2 29. Rc1 Qxa4 30. d5 cxd5 31. Nd4 dxc4 32. Nc6 Rd1+ 33. Kh2 Rxc1
34. Bxc1 Qb5 35. Qxb8+ Qxb8 36. Nxb8 a5 37. Nc6 a4 38. Nb4 Nb5 39. Nc2 Kf8 40.
Kg3 Ke7 41. Kf3 Ke6 42. Ke4 f5+ 43. Ke3 Kd5 44. Na3 Nd4 45. Bb2 f4+ 46. Kd2 Nb3+
47. Ke2 g5 48. Nb1 Nd4+ 49. Kd1 f3 50. Nc3+ Ke6 51. g3 f5 52. Nxa4 Ne2 53. Nc3
Ng1 54. Nb5 Ne2 55. Nd4+ Nxd4 56. Bxd4 Kd5 57. Bf6 g4 58. Kd2 f4 59. gxf4 Ke4
60. Bh4 Kxf4 61. Kc3 Ke4 62. Kxc4 1-0

[Event "2nd Cambridge Int Open"]
[Site "Cambridge ENG"]
[Date "2024.02.19"]
[Round "2.2"]
[White "Derakhshani, Borna"]
[Black "Fernandez, Daniel Howard"]
[Result "0-1"]
[WhiteTitle "FM"]
[BlackTitle "GM"]
[WhiteElo "2377"]
[BlackElo "2526"]
[WhiteFideId "12518450"]
[BlackFideId "5801605"]
[EventDate "2024.02.19"]

1. e4 e6 2. d4 d5 3. Nc3 Bb4 4. e5 b6 5. Qg4 Bf8 6. Bg5 Qd7 7. f4 a5 8. Nf3 Ba6
9. Bxa6 Nxa6 10. O-O c6 11. Rae1 Nc7 12. Qh3 Ne7 13. Na4 Rb8 14. g4 c5 15. b3
cxd4 16. Nxd4 Nc6 17. Nf3 Nb4 18. c3 Nxa2 19. Re2 b5 20. Rxa2 bxa4 21. bxa4 Qc6
22. Nd4 Qc4 23. Raf2 Bc5 24. f5 Bxd4 25. cxd4 Qxd4 26. Be3 Qd3 27. Rf3 Rb1 28.
Bb6 Rxf1+ 29. Qxf1 Qxf1+ 30. Kxf1 Kd7 31. Bxc7 Kxc7 32. fxe6 fxe6 33. Rf7+ Kc6
34. Rxg7 d4 35. Ke2 Kd5 36. Kd3 Rb8 37. Rxh7 Rb3+ 38. Kc2 Rc3+ 39. Kd2 Ra3 40.
g5 Kxe5 41. g6 Kf6 42. Ra7 Kxg6 43. Rxa5 Kf6 44. h4 e5 45. h5 Kf5 46. h6 Rh3 47.
Ra6 e4 48. Rd6 Ke5 49. Rg6 Rh2+ 50. Ke1 d3 51. a5 e3 0-1

[Event "2nd Cambridge Int Open"]
[Site "Cambridge ENG"]
[Date "2024.02.19"]
[Round "2.4"]
[White "Royal, Shreyas"]
[Black "York-Weaving, Richard"]
[Result "1-0"]
[WhiteTitle "IM"]
[BlackTitle "FM"]
[WhiteElo "2483"]
[BlackElo "2343"]
[WhiteFideId "448869"]
[BlackFideId "401161"]
[EventDate "2024.02.19"]

1. d4 Nf6 2. c4 e6 3. Nf3 d5 4. Nc3 dxc4 5. e4 Bb4 6. Bxc4 Nxe4 7. O-O Nxc3 8.
bxc3 Be7 9. Qe2 O-O 10. Rd1 Nd7 11. Ne5 Nf6 12. Rd3 c5 13. dxc5 Qc7 14. Rg3 Rd8
15. Bh6 g6 16. Rf3 Qxc5 17. Re1 b5 18. Bb3 Bb7 19. Nxf7 Bxf3 20. gxf3 Kxf7 21.
Qxe6+ Ke8 22. Qxf6 Rab8 23. Bf8 Rd7 24. Qf7+ Kd8 25. Bxe7+ Rxe7 26. Qf8+ 1-0

[Event "2nd Cambridge Int Open"]
[Site "Cambridge ENG"]
[Date "2024.02.19"]
[Round "2.6"]
[White "Willow, Jonah B"]
[Black "Gourlay, Iain"]
[Result "1-0"]
[WhiteTitle "IM"]
[BlackTitle "FM"]
[WhiteElo "2445"]
[BlackElo "2301"]
[WhiteFideId "438804"]
[BlackFideId "2401533"]
[EventDate "2024.02.19"]

1. e4 c6 2. d4 d5 3. e5 c5 4. Nf3 cxd4 5. Qxd4 Nc6 6. Qf4 e6 7. Be3 Qc7 8. Nc3
a6 9. Bd3 f6 10. exf6 Qxf4 11. Bxf4 gxf6 12. O-O Bb4 13. Na4 e5 14. Nb6 Rb8 15.
Nxc8 Rxc8 16. Bf5 Rd8 17. Bg3 Nge7 18. Bh3 Kf7 19. c3 Bc5 20. b4 Ba7 21. a4 Ng6
22. Rfb1 Nce7 23. b5 a5 24. b6 Bb8 25. Nd2 f5 26. Nb3 Bd6 27. Nxa5 Rb8 28. f3
Bc5+ 29. Kf1 Rhd8 30. Rb5 Be3 31. Ke2 f4 32. Bf2 d4 33. c4 d3+ 34. Kf1 Bd2 35.
Nb3 Bc3 36. Rd1 Nc8 37. Rd5 Rxd5 38. cxd5 Nge7 39. Rxd3 Bb4 40. a5 Ra8 41. Be1
Bxe1 42. Kxe1 Nd6 43. Rc3 Kf6 44. Rc7 Rd8 45. Be6 h6 46. Nc5 Ra8 47. a6 bxa6 48.
b7 Nxb7 49. Rxb7 Nc8 50. Ne4+ Kg6 51. Bf7+ Kf5 52. Bh5 Ra7 53. Bg4+ 1-0

[Event "2nd Cambridge Int Open"]
[Site "Cambridge ENG"]
[Date "2024.02.19"]
[Round "2.7"]
[White "Vardanyan, Aras"]
[Black "Wadsworth, Matthew J"]
[Result "1/2-1/2"]
[WhiteTitle "FM"]
[BlackTitle "IM"]
[WhiteElo "2299"]
[BlackElo "2444"]
[WhiteFideId "12808792"]
[BlackFideId "415804"]
[EventDate "2024.02.19"]

1. Nf3 Nf6 2. g3 b6 3. Bg2 Bb7 4. O-O e6 5. d3 d5 6. Nbd2 Be7 7. e4 c5 8. Re1
Nc6 9. c3 Qc7 10. a3 O-O 11. e5 Nd7 12. d4 Ba6 13. Nf1 Bxf1 14. Bxf1 c4 15. Ng5
Bxg5 16. Bxg5 h6 17. Bf4 Ne7 18. Qh5 Rfc8 19. g4 Qd8 20. Bd2 f6 21. exf6 Nxf6
22. Qe5 Rc6 23. f3 Ng6 24. Qg3 Qf8 25. Re2 Qf7 26. Rae1 h5 27. h3 Rf8 28. Bg2
Ne8 29. Bg5 Qc7 30. Qxc7 Nxc7 31. gxh5 Nf4 32. Bxf4 Rxf4 33. Kf2 b5 34. Kg3 Rf6
35. Re5 a5 36. f4 b4 37. axb4 axb4 38. f5 Kf7 39. fxe6+ Rcxe6 40. Ra1 Ra6 41.
Rae1 Rfe6 42. Rxe6 Rxe6 43. Ra1 Kf6 44. Kf2 Rb6 45. Ra5 bxc3 46. bxc3 Rb3 47.
Bxd5 Nxd5 48. Rxd5 Rxc3 49. Rc5 1/2-1/2

[Event "2nd Cambridge Int Open"]
[Site "Cambridge ENG"]
[Date "2024.02.19"]
[Round "2.8"]
[White "Wachinger, Nikolas"]
[Black "Pozzari, Simone"]
[Result "1-0"]
[WhiteTitle "IM"]
[WhiteElo "2432"]
[BlackElo "2290"]
[WhiteFideId "12962791"]
[BlackFideId "2831282"]
[EventDate "2024.02.19"]

1. e4 e5 2. Nf3 Nc6 3. Bb5 a6 4. Ba4 Nf6 5. O-O Nxe4 6. d4 b5 7. Bb3 d5 8. dxe5
Be6 9. c3 Bc5 10. Nbd2 O-O 11. Bc2 Nxf2 12. Rxf2 f6 13. Nf1 Bxf2+ 14. Kxf2 fxe5
15. Kg1 Qd6 16. Bg5 Rae8 17. Bh4 e4 18. Bg3 Qd7 19. Nd4 Bg4 20. Qd2 Ne5 21. Bxe5
Rxe5 22. Ne3 c5 23. Nb3 Rc8 24. Nxc5 Rxc5 25. Qd4 Qd6 26. Nxg4 Rh5 27. Bb3 Rc8
28. Qxe4 Kh8 29. Qd4 Re8 30. Rd1 Qg6 31. h3 Rg5 32. Bxd5 h5 33. Ne3 Rge5 34. Nf1
Re2 35. Rd2 Re1 36. Rf2 Qg5 37. Bf3 Ra1 38. h4 Qg6 39. Qd5 Ree1 40. Qxh5+ Qxh5
41. Bxh5 g6 42. Bxg6 Rxa2 43. h5 Kg7 44. Kh2 a5 45. Ng3 1-0

[Event "2nd Cambridge Int Open"]
[Site "Cambridge ENG"]
[Date "2024.02.19"]
[Round "2.9"]
[White "Shafi, Declan"]
[Black "Hanley, Craig A"]
[Result "0-1"]
[BlackTitle "IM"]
[WhiteElo "2231"]
[BlackElo "2431"]
[WhiteFideId "2405156"]
[BlackFideId "408514"]
[EventDate "2024.02.19"]

1. d4 g6 2. Nf3 Bg7 3. g3 b5 4. Bg2 Bb7 5. O-O Nf6 6. Qd3 a6 7. Nbd2 O-O 8. e4
d6 9. Re1 c5 10. c4 Nc6 11. d5 bxc4 12. Nxc4 Na5 13. Bd2 Nxc4 14. Qxc4 Qb6 15.
Bc3 a5 16. Qb3 Qc7 17. Nd2 Rfb8 18. Qc2 Nd7 19. Nc4 a4 20. Rab1 Ba6 21. Bxg7
Kxg7 22. Qxa4 Rb4 23. Qc6 Qd8 24. Nxd6 Rb6 25. Nxf7 Kxf7 26. e5 Rxc6 27. e6+ Kg7
28. dxc6 Nf6 29. c7 Qc8 30. Bxa8 Qxa8 31. Rbc1 Qc6 32. b4 Bb7 33. Kf1 Qg2+ 34.
Ke2 Ba6+ 35. Kd1 Qd5+ 36. Kc2 Qxa2+ 37. Kc3 Nd5# 0-1

[Event "2nd Cambridge Int Open"]
[Site "Cambridge ENG"]
[Date "2024.02.19"]
[Round "2.10"]
[White "Roberson, Peter T"]
[Black "Denderski, Piotr"]
[Result "1-0"]
[WhiteTitle "IM"]
[WhiteElo "2426"]
[BlackElo "2155"]
[WhiteFideId "412384"]
[BlackFideId "1120018"]
[EventDate "2024.02.19"]

1. e4 c5 2. Nf3 Nc6 3. Bb5 d6 4. O-O Bd7 5. c3 Nf6 6. d4 Nxe4 7. d5 Ne5 8. Na3
g6 9. Nxe5 dxe5 10. Qe2 Bxb5 11. Nxb5 Nd6 12. Qxe5 Rg8 13. Qe2 a6 14. Nxd6+ Qxd6
15. Rd1 Bg7 16. Be3 Be5 17. g3 Rc8 18. Re1 Qd8 19. Qg4 h5 20. Qf3 Bd6 21. Bg5
Rc7 22. Re4 Qc8 23. Rae1 Qf5 24. Qe3 f6 25. Bxf6 Qxf6 26. Re6 1-0

[Event "2nd Cambridge Int Open"]
[Site "Cambridge ENG"]
[Date "2024.02.19"]
[Round "2.11"]
[White "Brett, Andrew R"]
[Black "Haubro, Martin"]
[Result "0-1"]
[BlackTitle "IM"]
[WhiteElo "2085"]
[BlackElo "2421"]
[WhiteFideId "416460"]
[BlackFideId "1414291"]
[EventDate "2024.02.19"]

1. d4 Nf6 2. c4 e6 3. Nc3 Bb4 4. e3 O-O 5. Bd2 d5 6. Nf3 Nbd7 7. Rc1 b6 8. cxd5
exd5 9. Qb3 Bxc3 10. Bxc3 Bb7 11. Be2 Ne4 12. O-O Re8 13. Be1 Rc8 14. Nd2 Nd6
15. Qd1 Qf6 16. b4 c6 17. Kh1 Qe7 18. Bd3 g6 19. Nb3 Nf8 20. Rc2 Ne6 21. f3 Ng7
22. Re2 Rcd8 23. Na1 Bc8 24. Nc2 Bf5 25. Bf2 Ra8 26. Rfe1 Bxd3 27. Qxd3 a5 28.
a3 Ne6 29. Bg3 Nc4 30. e4 axb4 31. axb4 b5 32. h3 Qg5 33. Bh2 Ra2 34. exd5 Qxd5
35. Ne3 Nxe3 36. Rxe3 Rd8 37. Be5 Rda8 38. Qb3 Qxb3 39. Rxb3 Rc2 40. Bf6 h6 41.
Rbe3 Raa2 42. d5 cxd5 43. Rd3 Rxg2 44. Rxd5 Rh2+ 45. Kg1 g5 46. Be5 Rxh3 47.
Rxb5 Rxf3 48. Rb8+ Kh7 49. b5 Nf4 50. Bxf4 Rxf4 51. b6 Rb2 52. b7 Kg7 53. Ree8
Rd4 54. Kh1 0-1

[Event "2nd Cambridge Int Open"]
[Site "Cambridge ENG"]
[Date "2024.02.19"]
[Round "2.14"]
[White "Ghasi, Ameet K"]
[Black "Kovalskyi, Roman"]
[Result "1-0"]
[WhiteTitle "IM"]
[WhiteElo "2509"]
[BlackElo "2004"]
[WhiteFideId "409200"]
[BlackFideId "14184214"]
[EventDate "2024.02.19"]

1. Nf3 Nf6 2. g3 c5 3. Bg2 Nc6 4. O-O e5 5. e4 Nxe4 6. Re1 d5 7. c4 Nf6 8. cxd5
Nxd5 9. Nxe5 Be6 10. Qh5 Nce7 11. Nc3 Nf6 12. Qe2 Rb8 13. Qb5+ Nd7 14. d4 a6 15.
Qa4 cxd4 16. Ne4 Nd5 17. Ng5 Nb6 18. Nexf7 Nxa4 19. Nxd8 Kxd8 20. Nxe6+ Kc8 21.
Bf4 Ndc5 22. Bh3 Nxe6 23. Rxe6 Kd8 24. Bxb8 1-0

[Event "2nd Cambridge Int Open"]
[Site "Cambridge ENG"]
[Date "2024.02.19"]
[Round "2.18"]
[White "Orton, Stephen L A"]
[Black "Jermy, Jaden"]
[Result "1/2-1/2"]
[WhiteElo "2154"]
[BlackElo "1968"]
[WhiteFideId "414921"]
[BlackFideId "459496"]
[EventDate "2024.02.19"]

1. e4 c5 2. Nf3 e6 3. d4 cxd4 4. Nxd4 Nf6 5. Nc3 Nc6 6. Nxc6 bxc6 7. e5 Nd5 8.
Ne4 f5 9. exf6 Nxf6 10. Nd6+ Bxd6 11. Qxd6 Qb6 12. Bd3 c5 13. Bf4 Bb7 14. O-O
Qxd6 15. Bxd6 Rc8 16. Bb5 a6 17. Bc4 Rc6 18. Rad1 Ne4 19. Be5 d5 20. Rfe1 O-O
21. Rxd5 exd5 22. Bxd5+ Kh8 23. Rxe4 Rb6 24. c4 Bxd5 25. cxd5 Rb4 26. Re3 Kg8
27. f4 Rd8 28. d6 Kf7 29. Ra3 Rb6 30. f5 Rdxd6 31. Bxd6 Rxd6 32. Rb3 Kf6 33. a4
Kxf5 34. Rc3 Rc6 35. Kf2 Ke4 36. Ke2 c4 37. Kd2 Kd4 38. b3 Rc5 39. bxc4 Rxc4 40.
Rg3 g6 41. Rh3 Ke5 42. Rxh7 Rxa4 43. Ke2 a5 44. Kf3 Ra1 45. Re7+ Kf6 46. Ra7 a4
47. Kf4 Ra2 48. Ra6+ Kf7 49. g4 Rxh2 50. Rxa4 Rc2 51. Kg5 Rc5+ 52. Kh6 g5 53.
Ra7+ Kf6 54. Ra6+ Kf7 55. Ra7+ Kf6 56. Ra6+ Kf7 57. Rg6 Rb5 58. Rxg5 Rxg5 1/2-1/2

[Event "2nd Cambridge Int Open"]
[Site "Cambridge ENG"]
[Date "2024.02.19"]
[Round "2.33"]
[White "Adams, Michael"]
[Black "Southcott-Moyers, Indy"]
[Result "1-0"]
[WhiteTitle "GM"]
[WhiteElo "2673"]
[BlackElo "2100"]
[WhiteFideId "400041"]
[BlackFideId "488542"]
[EventDate "2024.02.19"]

1. e4 e5 2. Nf3 Nc6 3. Bb5 Nf6 4. d3 Bc5 5. Bxc6 dxc6 6. Nbd2 Nd7 7. Nc4 Qe7 8.
O-O O-O 9. Re1 Re8 10. c3 f6 11. d4 Bd6 12. b3 Nb6 13. dxe5 Nxc4 14. exd6 Nxd6
15. e5 fxe5 16. Rxe5 Qf8 17. Rxe8 Qxe8 18. Qd4 Qe4 19. Qxe4 Nxe4 20. c4 Bg4 21.
Ne1 Bf5 22. f3 Nc5 23. Be3 Nd7 24. Rd1 Be6 25. Nd3 Kf7 26. Bf4 Rc8 27. Kf2 a5
28. g4 a4 29. Kg3 c5 30. Re1 axb3 31. axb3 b5 32. cxb5 Rb8 33. Bxc7 Rxb5 34. Nf4
Bxb3 35. Bd6 Nf6 36. Re7+ Kg8 37. g5 Rb6 38. Bc7 Kf8 39. Bxb6 Kxe7 40. Bxc5+ Kf7
41. gxf6 1-0

[Event "2nd Cambridge Int Open"]
[Site "Cambridge ENG"]
[Date "2024.02.19"]
[Round "2.34"]
[White "Davison, Chris"]
[Black "Sonis, Francesco"]
[Result "0-1"]
[BlackTitle "GM"]
[WhiteElo "2013"]
[BlackElo "2570"]
[WhiteFideId "407801"]
[BlackFideId "895733"]
[EventDate "2024.02.19"]

1. e4 c5 2. Nf3 d6 3. Bb5+ Nc6 4. O-O Bd7 5. Re1 a6 6. Bf1 g6 7. h3 Bg7 8. c3 e5
9. Na3 Nge7 10. Nc2 Qb6 11. Ne3 O-O 12. d4 exd4 13. Nc4 Qc7 14. Bf4 Nc8 15. cxd4
cxd4 16. Rc1 Be6 17. e5 dxe5 18. Ncxe5 Qb6 19. Nc4 Qd8 20. b3 N8e7 21. Nce5 Rc8
22. Qd2 Nxe5 23. Bxe5 Rxc1 24. Rxc1 Bxe5 25. Nxe5 Qd6 26. Nf3 Nc6 27. Rd1 Rd8
28. Qh6 f6 29. Qh4 Kg7 30. Nd2 Bf5 31. Nc4 Qe7 32. Qf4 b5 33. Nd2 Bc2 34. Rc1 g5
35. Qg3 d3 36. f4 Qd6 37. Kh2 Nb4 38. fxg5 fxg5 39. a3 Nc6 40. b4 Qxg3+ 41. Kxg3
Ne5 42. Re1 Nc4 43. Nf3 d2 44. Nxd2 Nxd2 45. Be2 Re8 46. Kf2 Ne4+ 47. Kf3 Nc3 0-1

[Event "2nd Cambridge Int Open"]
[Site "Cambridge ENG"]
[Date "2024.02.19"]
[Round "2.36"]
[White "Dishman, Stephen"]
[Black "Hutchinson, Paul A"]
[Result "1-0"]
[WhiteTitle "FM"]
[WhiteElo "2273"]
[BlackElo "2005"]
[WhiteFideId "403024"]
[BlackFideId "411558"]
[EventDate "2024.02.19"]

1. Nf3 g6 2. e4 d6 3. d4 Bg7 4. Be3 Nf6 5. Nc3 c6 6. Qd2 b5 7. Bd3 a5 8. Bh6 O-O
9. e5 b4 10. Ne2 Nd5 11. h4 f6 12. h5 g5 13. Bxg5 Rf7 14. exf6 exf6 15. Bh4 Qf8
16. c4 bxc3 17. bxc3 Bh6 18. Qc2 Bg4 19. Bf5 Qg7 20. Qe4 Bxf5 21. Qxf5 Nd7 22.
O-O Re8 23. Ng3 Rfe7 24. Rfe1 Qf7 25. Rxe7 Rxe7 26. Qg4+ Kh8 27. Nf5 Bf8 28.
Nxe7 Qxe7 29. c4 N5b6 30. Rc1 Bh6 31. Re1 Qf7 32. c5 dxc5 33. dxc5 Nxc5 34. Qf5
Nbd7 35. Nd4 Bd2 36. Re2 Bc3 37. Nxc6 Nb7 38. Re7 Nd6 39. Qxd7 1-0

[Event "2nd Cambridge Int Open"]
[Site "Cambridge ENG"]
[Date "2024.02.19"]
[Round "2.39"]
[White "Gluma, Christian"]
[Black "Blauhut, Holger"]
[Result "1-0"]
[BlackTitle "CM"]
[WhiteElo "2219"]
[BlackElo "2016"]
[WhiteFideId "16223209"]
[BlackFideId "24665177"]
[EventDate "2024.02.19"]

1. e4 e5 2. Nf3 Nc6 3. Bc4 Bc5 4. c3 Nf6 5. d3 a6 6. Nbd2 Ba7 7. h3 h6 8. Nf1 d5
9. exd5 Nxd5 10. Ne3 Nxe3 11. Bxe3 Bxe3 12. fxe3 Qd6 13. O-O Be6 14. Bxe6 Qxe6
15. d4 O-O-O 16. Qc2 g5 17. Nh2 Ne7 18. Ng4 exd4 19. exd4 f5 20. Rae1 Qd6 21.
Ne5 Rdf8 22. Nc4 Qd7 23. Qb3 Rf6 24. Rf2 f4 25. Ne5 Qd5 26. Ng4 Qxb3 27. axb3
Rf7 28. Rfe2 Kd8 29. Ne5 Rg7 30. Nd3 b6 31. Ra1 Kc8 32. Rxa6 Kb7 33. Ra1 Nf5 34.
Rae1 Nh4 35. Re7 Rxe7 36. Rxe7 Ra8 37. Kf2 Nf5 38. Re1 Kc6 39. Re5 Ng3 40. Kf3
Kd7 41. h4 gxh4 42. Kxf4 Ra1 43. Re1 Ra8 44. Ne5+ Kd6 45. Kg4 Rg8+ 46. Kxh4 Nf5+
47. Kh3 h5 48. Rf1 Ne3 49. Rf6+ Kd5 50. Rf2 c5 51. Nf3 Ke4 52. Re2 Kd3 53. Rd2+
Ke4 54. dxc5 bxc5 55. Ne1 Rb8 56. b4 cxb4 57. Rd4+ Kf5 58. Rxb4 Re8 59. Nf3 Nd1
60. Rb5+ Kf4 61. c4 Re2 62. Rxh5 Nxb2 63. Rh4+ Ke3 64. Kg3 Nd3 65. Rh8 Nc5 66.
Re8+ Kd3 67. Rxe2 Kxe2 68. Kf4 Kd3 69. Ne5+ Kd4 70. Kf5 Nb7 71. g4 Nd6+ 72. Kf4
Ne8 73. g5 Ng7 74. g6 Ne6+ 75. Kf5 Ng7+ 76. Kf6 Nh5+ 77. Kg5 Ng7 78. Nd3 Kxc4
79. Nf4 Kd4 80. Kf6 Ne8+ 81. Ke7 1-0

[Event "2nd Cambridge Int Open"]
[Site "Cambridge ENG"]
[Date "2024.02.19"]
[Round "2.44"]
[White "Lim, Mark ENG"]
[Black "Dierssen Garcia-Barredo, Guiller"]
[Result "1/2-1/2"]
[WhiteElo "1776"]
[BlackElo "1937"]
[WhiteFideId "417734"]
[BlackFideId "22298274"]
[EventDate "2024.02.19"]

1. Nf3 c5 2. g3 g6 3. c4 Nc6 4. Bg2 Bg7 5. Nc3 e5 6. O-O Nge7 7. a3 d6 8. Rb1 a5
9. Ne1 Be6 10. d3 O-O 11. Nc2 d5 12. cxd5 Nxd5 13. Ne3 Nc7 14. Nc4 Qe7 15. Be3
h6 16. Qc1 Kh7 17. Bxc6 bxc6 18. Ne4 Rfd8 19. Bxc5 Qe8 20. Ncd6 Qd7 21. Nc4 Nd5
22. Bb6 Bh3 23. Re1 Rf8 24. Bxa5 f5 25. Nc3 f4 26. Ne4 Qf5 27. Bb4 Nf6 28. Bxf8
Rxf8 29. Ncd6 Qh5 30. Nxf6+ Bxf6 31. Qxc6 Bd8 32. Rbc1 Bg4 33. Qb7+ Kg8 34. Qd5+
Kh7 35. Rc2 f3 36. Qb7+ 1/2-1/2

[Event "2nd Cambridge Int Open"]
[Site "Cambridge ENG"]
[Date "2024.02.19"]
[Round "2.48"]
[White "Gaffney, Samuel"]
[Black "Smart, Michael R"]
[Result "1/2-1/2"]
[WhiteElo "1689"]
[BlackElo "1943"]
[WhiteFideId "420859"]
[BlackFideId "411370"]
[EventDate "2024.02.19"]

1. d4 Nf6 2. Nf3 c6 3. c4 d5 4. Nc3 e6 5. e3 Nbd7 6. Qc2 Be7 7. Bd3 h6 8. e4
dxe4 9. Nxe4 Nxe4 10. Bxe4 Nf6 11. O-O O-O 12. Be3 Bd6 13. Rad1 Qc7 14. h3 Bd7
15. c5 Bf4 16. Bxf4 Qxf4 17. Bd3 Rfd8 18. Qd2 Qxd2 19. Rxd2 Be8 1/2-1/2

[Event "2nd Cambridge Int Open"]
[Site "Cambridge ENG"]
[Date "2024.02.19"]
[Round "2.49"]
[White "Chan, Michelle (Ngo Yu)"]
[Black "Keohane, Ben"]
[Result "0-1"]
[WhiteElo "1681"]
[BlackElo "1926"]
[WhiteFideId "66202299"]
[BlackFideId "433950"]
[EventDate "2024.02.19"]

1. e4 Nf6 2. e5 Nd5 3. d4 d6 4. c4 Nb6 5. f4 g6 6. Nc3 Bg7 7. Be3 O-O 8. c5 N6d7
9. Nf3 dxc5 10. dxc5 b6 11. b4 bxc5 12. bxc5 Na6 13. Qd5 Rb8 14. a3 c6 15. Qxc6
Qa5 16. Bd2 Nb4 17. axb4 Qxa1+ 18. Kf2 Bb7 19. Qxd7 Bxf3 20. Kxf3 Rbd8 21. Qa4
Qxa4 22. Nxa4 Rxd2 23. Bb5 Rb8 24. Ba6 Rxb4 25. Rc1 g5 26. c6 Rxf4+ 27. Ke3 Bxe5
28. Kxd2 Rxa4 29. Bb5 Bf4+ 30. Ke1 Ra5 31. c7 Bxc7 32. Rxc7 Rxb5 33. Rxa7 Rb2
34. Kf1 e6 35. h3 Kg7 36. Kg1 h6 37. Kh2 Rb3 38. g4 Kg6 39. Ra6 h5 40. Rc6 Rb2+
41. Kg3 h4+ 42. Kf3 0-1

[Event "2nd Cambridge Int Open"]
[Site "Cambridge ENG"]
[Date "2024.02.19"]
[Round "2.50"]
[White "Gooding, Ian"]
[Black "Bowers, Francis J"]
[Result "1-0"]
[WhiteElo "1910"]
[BlackElo "1732"]
[WhiteFideId "406864"]
[BlackFideId "438383"]
[EventDate "2024.02.19"]

1. e4 e5 2. Nf3 d6 3. d4 exd4 4. Nxd4 g6 5. Nc3 Bg7 6. Be3 Nf6 7. Qd2 O-O 8.
O-O-O Re8 9. f3 Nc6 10. h4 d5 11. Nxc6 bxc6 12. Bg5 Qd6 13. exd5 Nxd5 14. Ne4
Rb8 15. c3 Qe5 16. Bc4 Nb6 17. Bb3 Bf5 18. Rhe1 Bxe4 19. Rxe4 Qa5 20. Qe2 Rxe4
21. Qxe4 Bxc3 22. bxc3 Qxc3+ 23. Qc2 Qa1+ 24. Kd2 Qd4+ 25. Ke1 Qg1+ 26. Kd2
Qxg2+ 27. Kc1 Qxf3 28. Qd3 Qf2 29. Qd4 Qf5 30. Bh6 Qc5+ 31. Qxc5 Nd5 32. Qd4 f6
33. Qxf6 Rxb3 34. Qf8# 1-0

[Event "2nd Cambridge Int Open"]
[Site "Cambridge ENG"]
[Date "2024.02.19"]
[Round "2.51"]
[White "Wheatley, Wilfred"]
[Black "Latypova, Olga L"]
[Result "1-0"]
[WhiteElo "1864"]
[BlackElo "1684"]
[WhiteFideId "343414877"]
[BlackFideId "472476"]
[EventDate "2024.02.19"]

1. e4 e5 2. Nf3 Nc6 3. Bb5 a6 4. Ba4 Bc5 5. O-O Nge7 6. c3 Ng6 7. d4 Ba7 8. Bg5
f6 9. Be3 O-O 10. Bb3+ Kh8 11. Nbd2 d6 12. Re1 Bd7 13. dxe5 dxe5 14. Bxa7 Nxa7
15. Re3 Qe7 16. Nf1 Nf4 17. Ng3 Rfd8 18. Qe1 Bb5 19. a4 Bc6 20. Nf5 Qf8 21. g3
Nd3 22. Qe2 Nc5 23. Bc2 Nc8 24. b4 Ne6 25. Bb3 Ng5 26. Rd1 Rxd1+ 27. Bxd1 Nxf3+
28. Rxf3 Qe8 29. Rd3 Nb6 30. a5 Nc4 31. Qg4 Qf8 32. Bb3 b5 33. axb6 Nxb6 34. Nh4
Qe8 35. Be6 Bb5 36. Rd1 Be2 37. Qxe2 Qxe6 38. Qd3 g6 39. Ng2 Qc6 40. Ne3 Kg7 41.
h4 h5 42. Nc2 Qb5 43. Ne3 Qc6 44. Kh2 a5 45. bxa5 Rxa5 46. Qd8 Kf7 47. Qh8 Ra8
48. Qh7+ Ke6 49. Qxg6 Qxc3 50. Qf5+ Ke7 51. Rd7+ 1-0